|
|
|
|
| LEADER |
01852nam a2200433 i 4500 |
| 001 |
EBC1820200 |
| 003 |
MiAaPQ |
| 005 |
20200520144314.0 |
| 006 |
m o d | |
| 007 |
cr cnu|||||||| |
| 008 |
140812s2014 maua ob 001 0 eng|d |
| 020 |
|
|
|z 9781843347514 (pbk.)
|
| 020 |
|
|
|z 1843347512 (pbk.)
|
| 020 |
|
|
|a 9781780634326
|q (electronic bk.)
|
| 035 |
|
|
|a (MiAaPQ)EBC1820200
|
| 035 |
|
|
|a (Au-PeEL)EBL1820200
|
| 035 |
|
|
|a (CaPaEBR)ebr10956331
|
| 035 |
|
|
|a (CaONFJC)MIL657037
|
| 035 |
|
|
|a (OCoLC)896723290
|
| 040 |
|
|
|a MiAaPQ
|b eng
|e rda
|e pn
|c MiAaPQ
|d MiAaPQ
|
| 050 |
|
4 |
|a HM651
|b .O27 2014
|
| 082 |
0 |
|
|a 121
|2 23
|
| 100 |
1 |
|
|a O'Brien, Jamie,
|e author.
|
| 245 |
1 |
0 |
|a Shaping knowledge :
|b complex socio-spatial modelling for adaptive organizations /
|c Jamie O'Brien.
|
| 264 |
|
1 |
|a Waltham, Massachusetts :
|b Elsevier,
|c 2014.
|
| 300 |
|
|
|a 1 online resource (283 pages) :
|b illustrations.
|
| 336 |
|
|
|a text
|2 rdacontent
|
| 337 |
|
|
|a computer
|2 rdamedia
|
| 338 |
|
|
|a online resource
|2 rdacarrier
|
| 490 |
1 |
|
|a Chandos information professional series
|
| 504 |
|
|
|a Includes bibliographical references and index.
|
| 588 |
|
|
|a Description based on print version record.
|
| 590 |
|
|
|a Electronic reproduction. Ann Arbor, MI : ProQuest, 2015. Available via World Wide Web. Access may be limited to ProQuest affiliated libraries.
|
| 650 |
|
0 |
|a Knowledge, Sociology of.
|
| 655 |
|
4 |
|a Electronic books.
|
| 776 |
0 |
8 |
|i Print version:
|a O'Brien, Jamie.
|t Shaping knowledge : complex socio-spatial modelling for adaptive organizations.
|d Waltham, Massachusetts : Elsevier, 2014
|k Chandos information professional series
|z 9781843347514
|w (DLC)18265157
|
| 797 |
2 |
|
|a ProQuest (Firm)
|
| 830 |
|
0 |
|a Chandos information professional series.
|
| 856 |
4 |
0 |
|u https://ebookcentral.proquest.com/lib/matrademy/detail.action?docID=1820200
|z Click to View
|